Logo BPK

Biblioteka

Politechniki Koszalińskiej

Teoretičeskaja mechanika w primerach i zadačach. (Rekord nr 23015)

Szczegóły MARC
000 -ETYKIETA REKORDU
podpole kontrolne o stałej długości 00496nam a2200169 i 4500
001 - NUMER KONTROLNY REKORDU
pole kontrolne bg
040 ## - ŹRÓDŁO KATALOGOWANIA
Instytucja, która utworzyła rekord BPK
041 ## - KOD JĘZYKA
Kod języka tekstu pol
080 ## - UNIWERSALNA KLASYFIKACJA DZIESIĘTNA - UKD
UKD 531.1/.3(076)
008 - POLE O STAŁEJ DŁUGOŚCI - DANE KONTROLNE
podpole kontrolne o stałej długości s pl f |000 0 pol
100 1# - NAZWA OSOBOWA
Nazwa osobowa BAT', Moisej I.
245 00 - TYTUŁ/ODPOWIEDZIALNOŚĆ
Tytuł Teoretičeskaja mechanika w primerach i zadačach.
Oznaczenie części/sekcji dzieła T. 1,
Tytuł części/sekcji dzieła Statika i kinematika /
Pozostałe elementy strefy tytułu i oznaczenia odpowiedzialności M.I. Bat', G.J. Dżanelidze, A.S. Kel'son.
260 ## - STREFA ADRESU WYDAWNICZEGO
Miejsce wydania Moskva,
Data publikacji, dystrybucji/powstania dokumentu 1985.
700 ## - HASŁO DODATKOWE - NAZWA OSOBOWA
Nazwa osobowa DŻANELIDZE, Georgij Ju.
700 1# - HASŁO DODATKOWE - NAZWA OSOBOWA
Nazwa osobowa KELSON, Anatolij S.
942 ## - DODATKOWE ELEMENTY (KOHA)
Typ dokumentu Książka
Egzemplarze
Wycofany Status egzemplarza Uszkodzony Dostępność Lokalizacja stała Lokalizacja bieżąca Miejsce przechowywania Sygnatura Kod kreskowy Typ dokumentu
      Dostępny Biblioteka Politechniki Koszalińskiej Biblioteka Politechniki Koszalińskiej Wypożyczalnia BG 32471 01577105 Książka
© 2023 Biblioteka Politechniki Koszalińskiej :: KOHA